MARC

LEADER 00000nam0a2200000 4500
001 14348
005 20231030185632.0
010 |a 5866330059 
035 |a (RuTPU)RU\TPU\book\14441 
035 |a BOOK00014510 
090 |a 14348 
100 |a 20011209d1997 km y0rusy50 ca 
101 0 |a rus 
102 |a RU 
105 |a a z 000zy 
200 1 |a Пакет символьных вычислений Maple V  |f Г. В. Прохоров, М. А. Леденев, В. В. Колбеев 
210 |a Москва  |c Компания "Петит"  |d 1997 
215 |a 200 с.  |c ил. 
610 1 |a программы 
610 1 |a пакеты прикладных программ 
610 1 |a символьные вычисления 
610 1 |a Maple V 
610 1 |a интерфейс 
610 1 |a примеры 
610 1 |a математика 
610 1 |a модели 
610 1 |a численный анализ 
675 |a 681.3.068  |v 3 
700 1 |a Прохоров  |b Г. В.  |g Геннадий Васильевич 
701 1 |a Леденев  |b М. А.  |g Максим Александрович 
701 1 |a Колбеев  |b В. В.  |g Владимир Викторович 
801 0 |a RU  |b 63413507  |c 20011209  |g PSBO 
801 2 |a RU  |b 63413507  |c 20160627  |g PSBO 
942 |c BK